000 01063nam a22003017a 4500
001 000697
003 DO-SdBNP
005 20161114145003.0
007 000697
008 161109b 1995 sp a ||||| |||| 00| 0 spa d
020 _a8420448079
040 _aBPMSU
_bspa
_cBPMSU
082 _axxxx
_bxxxx
100 1 _aJanosch
_d1931-
240 1 0 _aIch mach dich gesund, sagte der Bär.
_lEspañol
245 1 0 _aYo te curaré, dijo el pequeño oso :
_bla historia de cómo una vez el pequeño tigre estuvo enfermo /
_cJanosch ; ilustraciones del autor ; traducción Regino García Badell.
250 _a3a reimp.
260 _aMéxico :
_bAlfaguara,
_c1995.
300 _a46 p. :
_bil. ;
_c19 cm.
490 1 _aAlfaguara infantil
500 _aPara niños a partir de los 6 años.
500 _atercera reimpresión: febrero1995.
500 _aTraducción de: Ich mach dich gesund, sagte der Bär
700 1 2 _aGarcía Badell, Regino,
_etr.
830 0 _aAlfaguara infantil
942 _2ddc
_cBK
956 _2LOPEREZ
_310
_620161109
_8BPMSU
_a00041
999 _c11946
_d11946